| 000 | 00000nam 2200000za 4500 |
| 001 | 9.822642 |
| 003 | CaOODSP |
| 005 | 20250130152039 |
| 007 | cr ||||||||||| |
| 008 | 160815s2014 oncao|| o f000 0 tir d |
| 040 | |aCaOODSP|bfre |
| 043 | |an-cn--- |
| 086 | 1 |aCi44-19/2014Tir-PDF |
| 245 | 00|a[Réfugiés parrainés par le secteur privé, réinstallation des réfugiés au Canada |h[ressource électronique] : |bbulletin d'information]. |
| 250 | |a[Édition tigrinya]. |
| 260 | |a[Ottawa] : |bCitoyenneté et Immigration Canada, |c2014. |
| 300 | |a7 p. : |bill. en coul. |
| 500 | |a« Tigrinya. » |
| 500 | |a« PSR. » |
| 500 | |aTitre français fourni par l'éditeur. |
| 500 | |aPublié aussi en anglais, amharique, arabe, farsi, dari, espagnol, népalais, Oromo, somali, et swahili. |
| 500 | |aPublié aussi en français sous le titre : Réfugiés parrainés par le secteur privé, réinstallation des réfugiés au Canada : bulletin d'information. |
| 520 | 0 |aCe bulletin, écrit en tigrinya, fournit des informations sur les étapes du processus de réinstallation des réfugiés parrainés par le secteur privé et a été acceptée, et donne plus d'information sur le Canada. Comprend des informations sur la réinstaller de la situation familiale, votre statut d'immigrant, la société canadienne, en parrainant la famille, trouver un emploi, les dépenses, les écoles, les soins dentaires, la nourriture et l'eau, la religion, et la météo. |
| 546 | |aTexte en tigrinya. |
| 692 | 07|2gccst|aRéfugié |
| 692 | 07|2gccst|aImmigrant |
| 692 | 07|2gccst|aProgramme fédéral |
| 710 | 1 |aCanada. |bCitoyenneté et immigration Canada. |
| 775 | 08|tRéfugiés parrainés par le secteur privé, réinstallation des réfugiés au Canada |w(CaOODSP)9.822306 |
| 791 | |t[Privately Sponsored Refugee resettlement in Canada |eeng|w(CaOODSP)9.822641 |
| 794 | |t[Programme de parrainage privé de réfugiés] : |b2019|w(CaOODSP)9.880466 |
| 856 | 40|qPDF|s1.69 Mo|uhttps://publications.gc.ca/collections/collection_2016/ircc/Ci44-19-2014-tir.pdf |